[Event "LSS RF-2010-0-00056"]
[Site "LSS email"]
[Date "2010.09.02"]
[Round "?"]
[White "Witmer, Sean"]
[Black "Yangibayev, Rustam"]
[Result "1-0"]
[WhiteElo "1069"]
[BlackElo "1400"]
[PlyCount "27"]
[EventDate "2010.07.17"]
[EventType "tourn (corr)"]
[EventRounds "6"]
[EventCountry "GER"]
[SourceTitle "Corr 2015"]
[Source "ChessBase"]
[SourceDate "2015.07.17"]
[SourceVersion "1"]
[SourceVersionDate "2015.07.17"]
[SourceQuality "1"]

1. d4 Nf6 2. Nf3 g6 3. Nc3 Bg7 4. e4 d6 5. Bc4 Bg4 6. e5 dxe5 7. Bxf7+ Kxf7 8. Nxe5+ Kf8 9. Nxg4 Kf7 10. Ne5+ Kf8 11. Qf3 Nbd7 12. Qxb7 Nxe5 13. dxe5 Ng4 14. Qf3+ 1-0

[Event "LSS RF-2010-0-00056"]
[Site "LSS email"]
[Date "2010.08.30"]
[Round "?"]
[White "Zukan, Jakob"]
[Black "Witmer, Sean"]
[Result "1/2-1/2"]
[WhiteElo "1006"]
[BlackElo "1054"]
[PlyCount "56"]
[EventDate "2010.07.17"]
[EventType "tourn (corr)"]
[EventRounds "6"]
[EventCountry "GER"]
[SourceTitle "Telechess CBM 143"]
[Source "ChessBase"]
[SourceDate "2011.07.15"]
[SourceVersion "1"]
[SourceVersionDate "2011.07.15"]
[SourceQuality "1"]

1. d4 Nf6 2. Nf3 g6 3. c4 Bg7 4. Nc3 e6 5. e4 d6 6. Bg5 h6 7. Bh4 g5 8. Bg3 Nh5 9. Ne2 Nxg3 10. Nxg3 h5 11. Qc1 g4 12. Nd2 Bxd4 13. Ne2 Bb6 14. Qc3 e5 15. f4 gxf3 16. Nxf3 Qf6 17. 0-0-0 Be6 18. Kb1 Nd7 19. Qc2 h4 20. Nc3 Qg6 21. Nd5 Nc5 22. b4 Nxe4 23. Bd3 f5 24. Bxe4 fxe4 25. c5 c6 26. Nc3 Bf5 27. Rxd6 Qxg2 28. Re6+ Kf8 1/2-1/2

[Event "LSS RN-2010-0-00292"]
[Site "LSS email"]
[Date "2010.05.30"]
[Round "?"]
[White "Goti, Javier"]
[Black "Witmer, Sean"]
[Result "0-1"]
[WhiteElo "630"]
[BlackElo "1069"]
[PlyCount "50"]
[EventDate "2010.05.16"]
[EventType "tourn (corr)"]
[EventRounds "6"]
[EventCountry "GER"]
[SourceTitle "Telechess CBM 147"]
[Source "ChessBase"]
[SourceDate "2012.03.16"]
[SourceVersion "1"]
[SourceVersionDate "2012.03.16"]
[SourceQuality "1"]

1. e4 d6 2. d4 Nf6 3. Nc3 g6 4. Bf4 Nbd7 5. Bd3 Bg7 6. Qd2 e5 7. Bh6 Bxh6 8. Qxh6 exd4 9. Nd5 c6 10. Nxf6+ Qxf6 11. Ne2 Nc5 12. Nf4 Be6 13. Nxe6 fxe6 14. Be2 Nxe4 15. 0-0 0-0-0 16. Qh3 Rdf8 17. Rad1 Qe5 18. Bg4 Kb8 19. Rfe1 Nxf2 20. Qh4 Qf4 21. Rf1 Qxg4 22. Qxg4 Nxg4 23. Rxf8+ Rxf8 24. Rxd4 Ne3 25. Rxd6 Rf1# 0-1

[Event "ZN-2010-0-01030"]
[Site "LSS email"]
[Date "2010.05.07"]
[Round "?"]
[White "Witmer, Sean"]
[Black "Hendershot, Paul"]
[Result "1-0"]
[WhiteElo "800"]
[BlackElo "613"]
[PlyCount "47"]
[EventDate "2010.05.03"]
[EventType "match (corr)"]
[EventRounds "2"]
[EventCountry "GER"]
[SourceTitle "Telechess CBM 141"]
[Source "ChessBase"]
[SourceDate "2011.03.17"]
[SourceVersion "1"]
[SourceVersionDate "2011.03.17"]
[SourceQuality "1"]

1. d4 d5 2. Nf3 f6 3. e3 e6 4. Bd3 Nc6 5. b3 Bd6 6. Bb2 Bd7 7. c4 dxc4 8. bxc4 Qe7 9. c5 0-0-0 10. cxd6 Qxd6 11. Ba3 Nb4 12. 0-0 Nh6 13. Nbd2 Qb6 14. Nc4 Qb5 15. Nd6+ cxd6 16. Bxb5 Bxb5 17. Bxb4 Bxf1 18. Qxf1 Kb8 19. Rc1 b6 20. Qc4 Rhe8 21. Qc7+ Ka8 22. Qc6+ Kb8 23. Bxd6+ Rxd6 24. Qxd6+ 1-0

[Event "ZN-2010-0-01023"]
[Site "LSS email"]
[Date "2010.05.02"]
[Round "?"]
[White "Witmer, Sean"]
[Black "Jaszczowski, Zdzislaw"]
[Result "1-0"]
[WhiteElo "800"]
[BlackElo "824"]
[PlyCount "43"]
[EventDate "2010.04.27"]
[EventType "match (corr)"]
[EventRounds "2"]
[EventCountry "GER"]
[SourceTitle "Telechess CBM 141"]
[Source "ChessBase"]
[SourceDate "2011.03.17"]
[SourceVersion "1"]
[SourceVersionDate "2011.03.17"]
[SourceQuality "1"]

1. d4 d5 2. Nf3 Bf5 3. c4 dxc4 4. Nc3 c6 5. d5 cxd5 6. Nxd5 e6 7. Nc3 Nc6 8. Nd2 Nb4 9. e4 Bg6 10. Bxc4 a6 11. 0-0 Bc5 12. a3 Nc6 13. Nb3 Ba7 14. Bf4 Qh4 15. Bg3 Qg5 16. Qc1 Qf6 17. Bxa6 bxa6 18. Nb5 Bxe4 19. Nd6+ Kd7 20. Nxe4 Qf5 21. Rd1+ Nd4 22. Qc7+ 1-0

[Event "LSS No Engine Cup 04 Preliminary 5"]
[Site "LSS email"]
[Date "2009.08.04"]
[Round "?"]
[White "Allwardt, David Lawrence"]
[Black "Witmer, Sean"]
[Result "1-0"]
[WhiteElo "808"]
[BlackElo "1069"]
[PlyCount "31"]
[EventDate "2009.08.05"]
[EventType "tourn (corr)"]
[EventRounds "6"]
[EventCountry "GER"]
[SourceTitle "Corr 2015"]
[Source "ChessBase"]
[SourceDate "2015.07.17"]
[SourceVersion "1"]
[SourceVersionDate "2015.07.17"]
[SourceQuality "1"]

1. e4 d6 2. d4 Nf6 3. Nc3 Nbd7 4. d5 Ne5 5. Nf3 Bg4 6. Be2 Nxf3+ 7. Bxf3 h5 8. Bg5 Qd7 9. Qe2 g6 10. 0-0-0 Bg7 11. h3 0-0 12. hxg4 Nxg4 13. Rh4 Ne5 14. Bf4 Bf6 15. Rh3 a6 16. Bxh5 1-0

[Event "LSS OP-2009-0-00904"]
[Site "LSS email"]
[Date "2009.07.24"]
[Round "?"]
[White "Ferluga, Sergio"]
[Black "Witmer, Sean"]
[Result "1-0"]
[WhiteElo "800"]
[BlackElo "800"]
[PlyCount "43"]
[EventDate "2009.07.18"]
[EventType "tourn (corr)"]
[EventRounds "4"]
[EventCountry "GER"]
[SourceTitle "Corr 2011"]
[Source "ChessBase"]
[SourceDate "2010.08.31"]
[SourceVersion "1"]
[SourceVersionDate "2010.08.31"]
[SourceQuality "1"]

1. e4 Nf6 2. e5 Nd5 3. d4 d6 4. Nf3 g6 5. Bc4 Nb6 6. Bb3 Bg7 7. a4 a5 8. Ng5 0-0 9. e6 f6 10. Nf7 Qe8 11. d5 Na6 12. Be3 Nxd5 13. Qxd5 Nb4 14. Qd2 c6 15. c3 Nd5 16. Bxd5 cxd5 17. Qxd5 Ra6 18. Nh6+ Kh8 19. 0-0 Rc6 20. Nf7+ Kg8 21. Nh6+ Kh8 22. Nf7+ 1-0